A literacy heritage: (Record no. 1446)

MARC details
000 -LEADER
fixed length control field 00576nam a22001817a 4500
003 - CONTROL NUMBER IDENTIFIER
control field OSt
005 - DATE AND TIME OF LATEST TRANSACTION
control field 20240627013637.0
008 - FIXED-LENGTH DATA ELEMENTS--GENERAL INFORMATION
fixed length control field 240627b |||||||| |||| 00| 0 eng d
020 ## - INTERNATIONAL STANDARD BOOK NUMBER
International Standard Book Number 0701820098
040 ## - CATALOGING SOURCE
Original cataloging agency DWC- Main Lib
Transcribing agency OC
082 ## - DEWEY DECIMAL CLASSIFICATION NUMBER
Classification number Circ. 828 L775 1998
245 ## - TITLE STATEMENT
Title A literacy heritage:
Statement of responsibility, etc. Banjo’ Paterson & Henry Lawson AB Paterson.
260 ## - PUBLICATION, DISTRIBUTION, ETC.
Place of publication, distribution, etc. Richmond, Vic:
Name of publisher, distributor, etc. Octopus,
Date of publication, distribution, etc. c1998.
300 ## - PHYSICAL DESCRIPTION
Extent 304 pages :
Other physical details illustrations ;
Dimensions 28cm.
504 ## - BIBLIOGRAPHY, ETC. NOTE
Bibliography, etc. note Includes index.
650 ## - SUBJECT ADDED ENTRY--TOPICAL TERM
Topical term or geographic name entry element 1. Paterson A.B– ( Andrew Barton) – 1864-1941– Poetry .
942 ## - ADDED ENTRY ELEMENTS (KOHA)
Source of classification or shelving scheme Dewey Decimal Classification
Koha item type Book Circulation
Suppress in OPAC Yes
952 ## - LOCATION AND ITEM INFORMATION (KOHA)
--
Holdings
Withdrawn status Lost status Source of classification or shelving scheme Damaged status Not for loan Home library Current library Date acquired Source of acquisition Total Checkouts Full call number Barcode Date last seen Copy number Price effective from Koha item type Uniform Resource Identifier
    Dewey Decimal Classification     College Library College Library 11/20/2019 Donation   Circ. 828 L775 1998 52369 06/27/2024 c1 06/27/2024 BK-CIRC